MARC

LEADER 00000nam0a2200000 4500
001 154618
005 20231031151927.0
020 |a RU  |b 80-47353 
035 |a (RuTPU)RU\TPU\book\167712 
090 |a 154618 
100 |a 20090302d1980 de y0rusy5003 ca 
101 0 |a rus 
102 |a RU 
105 |a a z 000ab 
200 1 |a Прометей раскованный: повесть об Игоре Курчатове  |f С. А. Снегов  |g худож. В. Воробьев 
210 |a Москва  |c Детская литература  |d 1980 
215 |a 255 с.  |c ил., 8 л. ил.  |d 21 см. 
600 1 |a Курчатов  |g Игорь Васильевич  |b И. В.  |c российский физик  |c академик АН СССР  |f 1902/1903-1960  |2 stltpush  |3 (RuTPU)RU\TPU\pers\1083 
610 1 |a биографическая проза 
610 1 |a художественная литература 
610 1 |a повести 
610 1 |a российская наука 
610 1 |a ученые 
610 1 |a физики 
675 |a Р2  |z rus 
700 1 |a Снегов  |b С. А.  |g Сергей Александрович  |4 070 
702 1 |a Воробьев  |b В.  |4 440 
801 0 |a RU  |b RuMRKP  |c 19950704  |g psbo 
801 1 |a RU  |b 63413507  |c 20090302  |g PSBO 
801 2 |a RU  |b 63413507  |c 20160310  |g PSBO 
942 |c BK